Textbook on Nutrition and Dietetics for Post Basic BSc Nursing Students (Record no. 141985)
[ view plain ]
| 000 -LEADER | |
|---|---|
| fixed length control field | 00444nam a2200157Ia 4500 |
| 008 - FIXED-LENGTH DATA ELEMENTS--GENERAL INFORMATION | |
| fixed length control field | 230314s9999 xx 000 0 und d |
| 020 ## - INTERNATIONAL STANDARD BOOK NUMBER | |
| International Standard Book Number | 978-93-5152-299-7 |
| 041 ## - LANGUAGE CODE | |
| Language code of text/sound track or separate title | eng |
| 082 ## - DEWEY DECIMAL CLASSIFICATION NUMBER | |
| Classification number | N/613.2/CLE/B08430 |
| 100 ## - MAIN ENTRY--PERSONAL NAME | |
| Personal name | Clement I |
| 9 (RLIN) | 119826 |
| 245 ## - TITLE STATEMENT | |
| Title | Textbook on Nutrition and Dietetics for Post Basic BSc Nursing Students |
| 260 ## - PUBLICATION, DISTRIBUTION, ETC. (IMPRINT) | |
| Name of publisher, distributor, etc. | Jaypee Brothers |
| Place of publication, distribution, etc. | New Delhi |
| Date of publication, distribution, etc. | 2015 |
| 300 ## - PHYSICAL DESCRIPTION | |
| Extent | 635p |
| 906 ## - LOCAL DATA ELEMENT F, LDF (RLIN) | |
| b | GNM |
| Withdrawn status | Lost status | Damaged status | Not for loan | Collection code | Home library | Current library | Date acquired | Vendor | Cost, normal purchase price | Bill number | Total Checkouts | Total Renewals | Full call number | Barcode | Date last seen | Date last checked out | Cost, replacement price | Bill Date | Koha item type | Original Barcode |
|---|---|---|---|---|---|---|---|---|---|---|---|---|---|---|---|---|---|---|---|---|
| Smt. Bakul Tambat Institute of Nursing Education | Smt. Bakul Tambat Institute of Nursing Education | 30/03/2017 | Samutkarsh | 595.00 | 1431 | 9 | 1 | N 613.2 CLE B08430 | BTIN-BK-8430 | 20/03/2025 | 21/02/2025 | 434.35 | 30/03/2017 | Books | B08430 |